00309nam a2200145Ia 4500008004100000020001800041041000800059082001000067100002200077260002200099245001600121250000600137300000800143650001200151220805s9999 xx 000 0 und d a0-7225-4007-8 aeng a155.2 aLindenfreld, Gael aUKbElementc2000 aSelf Esteem a1 a173 a Esteem